000 01172cam a2200301 4500
008 090401t1997 xxu||||| |||| 00| 0 eng d
020 _a0727725807
035 _a(Sirsi) u80763
041 _aeng
050 _a625.72
100 _aHunter, Robert N.
245 _aClaims on highway contracts under the 5th edition of the ICE Conditions of Contract and the 7th edition of the Manual of Contract Documents for Highway Works.
260 _aLondon
_bThomas Telford
_c1997
300 _aviii,231p. ; 24cm.
350 _a45
520 _aWritten by a civil engineer, the book examines the parts of the ICE Conditions of Contract and Manual of Contract documents which may affect claims. Includes a model claim.
650 _aCIVIL ENGINEERING CONTRACTS
650 _aCONTRACT CLAIMS
650 _aENGINEERING CONTRACTS
650 _aHIGHWAY CONTRACTS
650 _aICE CONDITIONS OF CONTRACT
650 _aMANUAL OF CONTRACT DOCUMENTS FOR HIGHWAY WORKS
650 _aMODEL CLAIMS
650 _aPROPERTY-INFRASTRUCTURE-TRANSPORT INFRASTRUCTURE-ROAD INFRASTRUCTURE
690 _aHIGHWAYS RIGHTS OF WAY AND EASEMENTS
942 _n0
948 _c10/09/1997
999 _c96630
_d96630